White justice: Black experience today in America's courtrooms
| 1. VerfasserIn: | |
|---|---|
| Medienart: | Druck Buch |
| Sprache: | Englisch |
| Veröffentlicht: |
New York, NY [u.a.]
Harper & Row
1971
|
| In: |
Harper Colophon books (249)
Jahr: 1971 |
| Ausgabe: | 1. Harper Colophon ed. |
| Bestand in Tübingen: | In Tübingen vorhanden. UB: KB 1 A 960 |
| Verfügbarkeit prüfen: | HBZ Gateway |
| Subito Bestelldienst: | Jetzt bestellen. |
| Schlagwörter: |
MARC
| LEADER | 00000cam a2200000 c 4500 | ||
|---|---|---|---|
| 001 | 1095418718 | ||
| 003 | DE-627 | ||
| 005 | 20260206192624.0 | ||
| 007 | tu | ||
| 008 | 990101s1971 xxu||||| 00| ||eng c | ||
| 020 | |a 0061360600 |9 0-06-136060-0 | ||
| 035 | |a (DE-627)1095418718 | ||
| 035 | |a (DE-603)118697889 | ||
| 035 | |a (DE-576)025418718 | ||
| 035 | |a (DE-599)BSZ025418718 | ||
| 035 | |a (OCoLC)247810128 | ||
| 035 | |a (OCoLC)00215343 | ||
| 035 | |a (DE-604)8031112250 | ||
| 040 | |a DE-627 |b ger |c DE-627 |e rakwb | ||
| 041 | |a eng | ||
| 044 | |c XD-US | ||
| 050 | 0 | |a KF4757 | |
| 082 | 0 | |a 345 |q OCLC | |
| 084 | |a PL 732 |2 rvk |0 (DE-625)rvk/137268: | ||
| 084 | |a PR 2340 |2 rvk |0 (DE-625)rvk/139569: | ||
| 100 | 1 | |a Blackburn, Sara |4 aut | |
| 245 | 1 | 0 | |a White justice |b Black experience today in America's courtrooms |c ed. by Sara Blackburn. With a foreword. by Haywood Burns |
| 250 | |a 1. Harper Colophon ed. | ||
| 264 | 1 | |a New York, NY [u.a.] |b Harper & Row |c 1971 | |
| 300 | |a XXIV, 289 S. | ||
| 336 | |a Text |b txt |2 rdacontent | ||
| 337 | |a ohne Hilfsmittel zu benutzen |b n |2 rdamedia | ||
| 338 | |a Band |b nc |2 rdacarrier | ||
| 490 | 1 | |a Harper Colophon Books |v 249 | |
| 583 | 1 | |a Archivierung prüfen |c 20200919 |f DE-640 |z 3 |2 pdager | |
| 650 | 0 | 7 | |0 (DE-588)4115710-2 |0 (DE-627)105812242 |0 (DE-576)209495456 |a Rechtsprechung |2 gnd |
| 650 | 0 | 7 | |0 (DE-588)4116433-7 |0 (DE-627)104219890 |0 (DE-576)209501537 |a Schwarze |2 gnd |
| 651 | 7 | |0 (DE-588)4078704-7 |0 (DE-627)106076612 |0 (DE-576)209209682 |a Usa |2 gnd | |
| 689 | 0 | 0 | |d g |0 (DE-588)4078704-7 |0 (DE-627)106076612 |0 (DE-576)209209682 |a USA |2 gnd |
| 689 | 0 | 1 | |d s |0 (DE-588)4116433-7 |0 (DE-627)104219890 |0 (DE-576)209501537 |a Schwarze |2 gnd |
| 689 | 0 | 2 | |d s |0 (DE-588)4115710-2 |0 (DE-627)105812242 |0 (DE-576)209495456 |a Rechtsprechung |2 gnd |
| 689 | 0 | |5 (DE-627) | |
| 830 | 0 | |a Harper Colophon books |v 249 |9 249 |w (DE-627)12910258X |w (DE-576)020735839 |w (DE-600)11889-8 |7 am | |
| 889 | |w (DE-627)445630256 | ||
| 935 | |a MZUSA | ||
| 935 | |i mdedup | ||
| 935 | |h HEB |i 0501 | ||
| 935 | |h HEB |i 0503 | ||
| 936 | r | v | |a PL 732 |b Grundrechte |k Rechtswissenschaft |k Staatsrecht und Verfassungsgeschichte |k Ausländisches Staats- und Verfassungsrecht |k USA und Kanada |k Grundrechte |0 (DE-627)1271298201 |0 (DE-625)rvk/137268: |0 (DE-576)201298201 |
| 936 | r | v | |a PR 2340 |b USA |k Rechtswissenschaft |k Völkerrecht |k Nationalitätenfrage, Nationalismus, Minderheitenrecht |k Einzelne Minderheitenprobleme |k USA |0 (DE-627)1271352125 |0 (DE-625)rvk/139569: |0 (DE-576)201352125 |
| 936 | s | n | |a p100 |2 mzub |
| 951 | |a BO | ||
| ELC | |b 1 | ||
| LOK | |0 000 xxxxxcx a22 zn 4500 | ||
| LOK | |0 001 2170671226 | ||
| LOK | |0 003 DE-627 | ||
| LOK | |0 004 1095418718 | ||
| LOK | |0 005 20010913000000 | ||
| LOK | |0 008 910826||||||||||||||||ger||||||| | ||
| LOK | |0 040 |a DE-21 |c DE-627 |d DE-21 | ||
| LOK | |0 852 |a DE-21 | ||
| LOK | |0 852 1 |c KB 1 A 960 |9 00 | ||
| LOK | |0 935 |a krim | ||
| LOK | |0 936ln |a k7.3.3.4 | ||
| LOK | |0 939 |a 26-08-91 |b l01 | ||
| ORI | |a SA-MARC-krimdoka001.raw | ||
| SIG | |a UB: KB 1 A 960 | ||
